SERIAL PORT COMPLETE ISBN 818797203-3 (Record no. 733717)

MARC details
000 -LEADER
fixed length control field 00255nam a2200097Ia 4500
008 - FIXED-LENGTH DATA ELEMENTS--GENERAL INFORMATION
fixed length control field 230508s1998 xx 000 0 und d
041 ## - LANGUAGE CODE
Language code of text/sound track or separate title eng
100 ## - MAIN ENTRY--PERSONAL NAME
Personal name AXELSON JAN
245 ## - TITLE STATEMENT
Title SERIAL PORT COMPLETE ISBN 818797203-3
260 ## - PUBLICATION, DISTRIBUTION, ETC.
Name of publisher, distributor, etc. PENRAN INTERNATIONAL
Date of publication, distribution, etc. 1998

No items available.